Key issues in development / (Record no. 7401)
[ view plain ]
| 000 -LEADER | |
|---|---|
| fixed length control field | 00725nam a22002172 4500 |
| 001 - CONTROL NUMBER | |
| control field | 0000007111 |
| 005 - DATE AND TIME OF LATEST TRANSACTION | |
| control field | 20151217152022.0 |
| 008 - FIXED-LENGTH DATA ELEMENTS--GENERAL INFORMATION | |
| fixed length control field | 071117s xx 000 0 eng d |
| 020 ## - INTERNATIONAL STANDARD BOOK NUMBER | |
| International Standard Book Number | 1403900456 : |
| Terms of availability | KES 2475 |
| 040 ## - CATALOGING SOURCE | |
| Original cataloging agency | KABU |
| Transcribing agency | KABU |
| 245 10 - TITLE STATEMENT | |
| Title | Key issues in development / |
| Statement of responsibility, etc. | Damien Kingsbury ... [et al.]. |
| 260 ## - PUBLICATION, DISTRIBUTION, ETC. (IMPRINT) | |
| Place of publication, distribution, etc. | Basingstoke,England : |
| Name of publisher, distributor, etc. | Plgrave Macmillan, |
| Date of publication, distribution, etc. | 2004. |
| 300 ## - PHYSICAL DESCRIPTION | |
| Extent | vi, 329 p. |
| 650 #0 - SUBJECT ADDED ENTRY--TOPICAL TERM | |
| Topical term or geographic name as entry element | Developing countries |
| Topical term following geographic name as entry element | Economic conditions. |
| -- | 0000158163 |
| 650 #0 - SUBJECT ADDED ENTRY--TOPICAL TERM | |
| Topical term or geographic name as entry element | Poverty |
| Geographic subdivision | Developing countries. |
| -- | 0000150080 |
| 700 1# - ADDED ENTRY--PERSONAL NAME | |
| Personal name | Kingsbury, Damien. |
| -- | 0000158164 |
| 908 ## - PUT COMMAND PARAMETER (RLIN) | |
| Put command parameter | 071117 |
| 950 ## - LOCAL HOLDINGS (RLIN) | |
| -- | 1 |
| Withdrawn status | Lost status | Source of classification or shelving scheme | Not for loan | Home library | Current library | Date acquired | Total Checkouts | Total Renewals | Full call number | Barcode | Date last seen | Date last checked out | Price effective from | Koha item type |
|---|---|---|---|---|---|---|---|---|---|---|---|---|---|---|
| Library of Congress Classification | Kabarak, Main Campus | Kabarak, Main Campus | 17/12/2015 | 1 | 1 | HC59.7 .K49 | 011121 | 02/08/2024 | 24/02/2022 | 17/12/2015 | General Collection | |||
| Library of Congress Classification | Kabarak, Main Campus | Kabarak, Main Campus | 17/12/2015 | HC59.7 .K49 | 011122 | 02/08/2024 | 17/12/2015 | General Collection |